| 000 | 00716cam a22002651i 4500 | ||
|---|---|---|---|
| 999 |
_c8247 _d8247 |
||
| 001 | 8247 | ||
| 003 | BD-JhCC | ||
| 005 | 20190321095843.0 | ||
| 008 | 911120s1952 nyu 00010 eng d | ||
| 035 | _a(BD-JhCC)8247 | ||
| 035 | _a2435404 | ||
| 040 |
_aANL _dANL _dBD-JhCC |
||
| 041 | _aeng | ||
| 082 |
_bBRE 1952 _a150 |
||
| 100 | 1 | _aBrennan, Robert Edward. | |
| 245 | 1 | 0 |
_aGeneral psychology : _ba study of man based on St. Thomas Aquinas. |
| 250 | _a[2nd] rev. ed. | ||
| 260 |
_aNew York : _bMacmillan, _c[1952]. |
||
| 300 |
_billus. _a450 p. : |
||
| 504 | _aBibliographical notes. | ||
| 600 | 0 | 0 |
_aThomas, _cAquinas, Saint, _d1225?-1274. |
| 650 | 0 | _aPsychology. | |
| 942 |
_2ddc _cBK |
||